Statistics for Verdens Lands flagg

Click here to take the quiz!

General Stats

  • This quiz has been taken 38 times
  • The average score is 100 of 196

Answer Stats

Answer% Correct
De Forente Stater
100%
New Zealand
100%
Danmark
96%
Tyskland
96%
Finland
96%
Norge
96%
Japan
96%
Israel
96%
Island
96%
Sveits
96%
Hellas
96%
Sverige
96%
Italia
96%
Frankrike
96%
Storbritannia
96%
Spania
96%
Canada
96%
Brasil
96%
Kina
92%
Jamaica
92%
Russland
92%
Sør-Korea
92%
Australia
92%
Sør-Afrika
88%
Argentina
88%
Tyrkia
88%
Polen
88%
Belgia
88%
Irland
88%
India
88%
Albania
88%
Portugal
88%
Saudi Arabia
81%
Irak
81%
Nederland
81%
Kypros
77%
Estland
77%
Mexico
77%
Nord-Makedonia
77%
Georgia
77%
Kenya
73%
Bulgaria
73%
Vietnam
73%
Egypt
73%
Ungarn
69%
Kosovo
69%
Østerrike
69%
Tsjekkia
69%
Vatikanstaten
69%
Monaco
69%
Pakistan
69%
Iran
65%
Uruguay
65%
Peru
65%
Nepal
65%
Kroatia
65%
Latvia
65%
Elfenbenskysten
65%
Thailand
65%
Ukraina
65%
Slovenia
65%
Nigeria
65%
Slovakia
65%
Serbia
62%
Nord-Korea
62%
Algerie
62%
Venezuela
62%
Hviterussland
62%
Syria
62%
Qatar
62%
Bosnia-Herzegovina
62%
Malta
62%
Panama
58%
Montenegro
58%
Romania
58%
Chile
58%
Luxembourg
58%
Kasakhstan
58%
Tunisia
58%
Indonesia
58%
Bangladesh
54%
Kamerun
54%
Bhutan
54%
San Marino
54%
Cuba
54%
Malaysia
50%
Uganda
50%
Marokko
50%
Andorra
50%
Somalia
50%
Gabon
50%
Kambodsja
46%
Myanmar
46%
Colombia
46%
Singapore
46%
Filippinene
46%
Honduras
46%
Laos
46%
Moldova
46%
Aserbajdsjan
46%
Liechtenstein
46%
Sri Lanka
42%
Angola
42%
Taiwan
42%
Afghanistan
42%
Fiji
42%
Ecuador
42%
Mongolia
42%
Litauen
42%
Madagaskar
42%
Oman
38%
Armenia
38%
Costa Rica
38%
Lebanon
38%
Kuwait
38%
Paraguay
35%
D.R. Kongo
35%
Haiti
35%
Bahrain
35%
Ethiopia
35%
Botswana
35%
Belize
35%
Eritrea
35%
Tonga
35%
Tanzania
35%
Barbados
35%
Tuvalu
35%
Trinidad & Tobago
35%
Øst-Timor
35%
Bahamas
35%
Niger
31%
Mali
31%
Senegal
31%
Brunei
31%
Togo
31%
Liberia
31%
Kirgisistan
31%
Libya
31%
Mauritania
31%
Jordan
31%
Jemen
31%
Papua Ny-Guinea
31%
Eswatini
31%
Kiribati
31%
St. Lucia
31%
Ghana
31%
Tsjad
31%
Lesotho
31%
Komorene
31%
Malawi
31%
Seychellene
31%
Usbekistan
27%
Sentralafrikanske Republikk
27%
Burkina Faso
27%
El Salvador
27%
Rep. Kongo
27%
De Forente Arabiske Emirater
27%
Sierra Leone
27%
Nicaragua
27%
Turkmenistan
27%
Zimbabwe
27%
Palau
27%
Mauritius
27%
St. Vincent og Grenadinene
27%
Gambia
27%
Zambia
23%
Guatemala
23%
Maldivene
23%
Grenada
23%
Mosambik
23%
Dominika
23%
Samoa
23%
Cape Verde
23%
St. Kitts & Nevis
23%
Mikronesiaføderasjonen
23%
Antigua og Barbuda
23%
Burundi
23%
Nauru
23%
Surinam
23%
Djibouti
23%
Namibia
19%
Marshalløyene
19%
Rwanda
19%
Sao Tome & Principe
19%
Guyana
19%
Ekvatorial-Guinea
19%
Vanuatu
19%
Solomonøyene
19%
Dominikanske Republikk
19%
Sør-Sudan
19%
Benin
19%
Guinea-Bissau
19%
Bolivia
19%
Sudan
19%
Tajikistan
15%
Guinea
15%

Score Distribution

Percentile by Number Answered

Percent of People with Each Score

Your Score History

You have not taken this quiz